Alec Benjamin - Let Me Down Slowly Lyrics - Statistics

General Stats
  • This quiz has been taken 1,026 times
  • The average score is 329 of 398
Answer Stats
Lyric % Correct
me
99%
down
98%
Down
98%
I
98%
let
97%
Let
97%
slowly
97%
you
97%
a
96%
A
96%
the
93%
can
90%
If
87%
to
87%
So
86%
so
86%
an
84%
your
83%
and
82%
And
82%
be
82%
little
82%
in
81%
show
81%
lonely
80%
cold
79%
Cold
79%
go
79%
hope
79%
sympathy
79%
baby
78%
Don't
78%
then
78%
I'll
77%
on
77%
way
77%
find
76%
From
76%
from
76%
wanna
76%
please
74%
Could
73%
was
73%
is
72%
leave
72%
feel
71%
I'm
71%
night
71%
This
71%
kingdom
70%
my
70%
away
69%
you're
69%
bathroom
68%
with
68%
leaving
67%
man
67%
fade
66%
kitchen
66%
once
66%
dignity
64%
grace
64%
keep
64%
sink
64%
out
63%
Now
62%
cut
61%
awake
60%
here
60%
of
60%
waste
60%
embrace
58%
steps
58%
can't
57%
throw
57%
through
55%
falling
54%
myself
54%
stop
54%
slipping
53%
we
53%
cracks
52%
As
51%
corridor
50%
feet
50%
for
50%
know
49%
walking
46%
door
45%
drag
45%
open
45%
while
45%
tile
44%
haven't
43%
skin
42%
talked
42%
looking
41%
No matching quizzes found
Score Distribution
Percent of People with Each Score
Percentile by Number Answered
Your Score History
You have not taken this quiz